UBT Library

Instrumental clinical phonetics / (Record no. 40458)

000 -LEADER
fixed length control field 00731nam a2200229 a 4500
001 - CONTROL NUMBER
control field 3060799
005 - DATE AND TIME OF LATEST TRANSACTION
control field 20180118050549.0
008 - FIXED-LENGTH DATA ELEMENTS--GENERAL INFORMATION
fixed length control field 960531s1997 enka b 001 0 eng
010 ## - LIBRARY OF CONGRESS CONTROL NUMBER
LC control number 96155227
020 ## - INTERNATIONAL STANDARD BOOK NUMBER
International Standard Book Number 1897635184
040 ## - CATALOGING SOURCE
Original cataloging agency DLC
Transcribing agency DLC
041 ## - LANGUAGE CODE
Language code of text/sound track or separate title eng
080 ## - UNIVERSAL DECIMAL CLASSIFICATION NUMBER
Universal Decimal Classification number 616.855027 BAL
082 00 - DEWEY DECIMAL CLASSIFICATION NUMBER
Classification number 616.855027 BAL
Edition number 21
100 ## - Rafti
Rafti 9
101 ## - Shkurtesa
Shkurtesa PAT
245 00 - TITLE STATEMENT
Title Instrumental clinical phonetics /
Statement of responsibility, etc edited by Martin J. Ball and Chris Code.
504 ## - BIBLIOGRAPHY, ETC. NOTE
Bibliography, etc Includes bibliographical references and index.
906 ## - LOCAL DATA ELEMENT F, LDF (RLIN)
a 7
b cbc
c orignew
d 3
e ncip
f 19
g y-gencatlg
942 ## - ADDED ENTRY ELEMENTS (KOHA)
Source of classification or shelving scheme
Item type Books
Holdings
Withdrawn status Lost status Source of classification or shelving scheme Damaged status Not for loan Collection code Permanent location Current location Shelving location Date acquired Total Checkouts Full call number Barcode Date last seen Price effective from Koha item type
          Koleksioni i përgjithshem UBT - Lipjan UBT - Lipjan Koleksioni i përgjithshem 01/18/2018   616.855027 BAL 002-2995763 01/18/2018 01/18/2018 Books
UBT Library © 2015-2024. All rights reserved University Education for Business and Technology